000
00257nam a2200109Ia 4500
008
190216s9999||||xx |||||||||||||| ||und||
100
_a
Batli Boi
245
0
_a
Double Entry Book-Keeping
260
_b
Nm Thripathi Pvt Ltd
_c
1975
300
_a
456p
942
_c
BK
999
_c
5080
_d
5080